000 00392pab a2200157 454500
008 180718b1983 xxu||||| |||| 00| 0 eng d
100 _aHammond, Thomas H.
245 _aNull hypothesis models in legislative studies
260 _c1983
300 _a672-4
362 _aAug.
650 _aCoalition Governments
700 _aJane M. Fraser
773 _aJournal of Politics
909 _a5911
999 _c5911
_d5911